000 00890nmc a2200373 a 4500
003 AR-BaBNM
005 20251128203002.0
008 227019s1919 ||||||||||||||000 | spa||
040 _cAR-BaBNM
100 1 _aLanglois, Ch.V.
245 1 0 _aHistoria de la edad media
_b395-1270
260 _aMadrid
_bJorro
_c1919
300 0 _a645 p.
_bláms., il.
490 0 _aLecturas históricas
650 4 _aARTE
650 4 _aHISTORIA MEDIEVAL
650 4 _aCULTURA
650 4 _aCIVILIZACION
650 4 _aPOLITICA
650 4 _aECONOMIA
650 4 _aRELIGION
650 4 _aLITERATURA
650 4 _aARQUITECTURA
650 4 _aESCULTURA
650 4 _aHISTORIOGRAFIA
650 4 _aCRISTIANISMO
650 4 _aGUERRA
650 4 _aHISTORIA BIZANTINA
650 4 _aISLAM
650 4 _aFEUDALISMO
700 1 _aVaca, Domingo
_etraductor
942 _cBK
998 _cmariana
999 _c1377
_d1377